Intercultural living / (Record no. 7864)

MARC details
000 -LEADER
fixed length control field 01608cam a2200433 i 4500
001 - CONTROL NUMBER
control field 18977518
003 - CONTROL NUMBER IDENTIFIER
control field GBCCL
005 - DATE AND TIME OF LATEST TRANSACTION
control field 20241126110638.0
008 - FIXED-LENGTH DATA ELEMENTS--GENERAL INFORMATION
fixed length control field 150831s2015 ii a b 001 0 eng d
010 ## -
-- 2015515182
020 ## - INTERNATIONAL STANDARD BOOK NUMBER
International Standard Book Number 9788184654837 (volume 1)
020 ## - INTERNATIONAL STANDARD BOOK NUMBER
International Standard Book Number 9788184654912 (volume 2)
025 ## - OVERSEAS ACQUISITION NUMBER
Overseas acquisition number I-E-2015515182; 13-90 ; 69-90
035 ## - SYSTEM CONTROL NUMBER
System control number (OCoLC)ocn919909927
035 ## - SYSTEM CONTROL NUMBER
System control number (OCoLC)919909927
037 ## - SOURCE OF ACQUISITION
Source of stock number/acquisition Library of Congress -- New Delhi Overseas Office
040 ## - CATALOGING SOURCE
Original cataloging agency DKAGE
Language of cataloging eng
Description conventions rda
Transcribing agency DKAGE
Modifying agency DLC
042 ## -
-- lccopycat
-- lcode
050 00 -
-- BR115.C8
-- I492 2015
082 ## - DEWEY DECIMAL CLASSIFICATION NUMBER
Classification number 261
Item number INT
245 00 - TITLE STATEMENT
Title Intercultural living /
Statement of responsibility, etc. edited by Lazar T. Stanislaus, Martin Ueffing.
264 #1 - PRODUCTION, PUBLICATION, DISTRIBUTION, MANUFACTURE, AND COPYRIGHT NOTICE
Place of production, publication, distribution, manufacture Delhi :
Name of producer, publisher, distributor, manufacturer Steyler Missionswissenschaftliches Institut :
-- ISPCK,
Date of production, publication, distribution, manufacture, or copyright notice 2015.
300 ## - PHYSICAL DESCRIPTION
Extent 2 volumes :
Other physical details illustrations ;
Dimensions 24 cm
336 ## - CONTENT TYPE
Content type term text
Content type code txt
Source rdacontent
337 ## - MEDIA TYPE
Media type term unmediated
Media type code n
Source rdamedia
338 ## - CARRIER TYPE
Carrier type term volume
Carrier type code nc
Source rdacarrier
504 ## - BIBLIOGRAPHY, ETC. NOTE
Bibliography, etc. note Includes bibliographical references and index.
650 #0 - SUBJECT ADDED ENTRY--TOPICAL TERM
Topical term or geographic name entry element Christianity and culture.
9 (RLIN) 886
650 #0 - SUBJECT ADDED ENTRY--TOPICAL TERM
Topical term or geographic name entry element Christianity and other religions.
9 (RLIN) 12
650 #0 - SUBJECT ADDED ENTRY--TOPICAL TERM
Topical term or geographic name entry element Missions
General subdivision Theory.
9 (RLIN) 48
650 #0 - SUBJECT ADDED ENTRY--TOPICAL TERM
Topical term or geographic name entry element Intercultural communication
General subdivision Religious aspects
-- Christianity.
9 (RLIN) 1960
700 1# - ADDED ENTRY--PERSONAL NAME
Personal name Stanislaus, L.,
Relator term editor.
9 (RLIN) 3131
700 1# - ADDED ENTRY--PERSONAL NAME
Personal name Ueffing, Martin,
Relator term editor.
9 (RLIN) 13705
710 2# - ADDED ENTRY--CORPORATE NAME
Corporate name or jurisdiction name as entry element Society of the Divine Word.
Subordinate unit Institutum Missiologicum,
Relator term issuing body.
9 (RLIN) 13706
710 2# - ADDED ENTRY--CORPORATE NAME
Corporate name or jurisdiction name as entry element I.S.P.C.K. (Organization)
9 (RLIN) 393
906 ## - LOCAL DATA ELEMENT F, LDF (RLIN)
a 7
b cbc
c copycat
d 3
e ncip
f 20
g y-gencatlg
942 ## - ADDED ENTRY ELEMENTS (KOHA)
Source of classification or shelving scheme Dewey Decimal Classification
Koha item type Books
Koha issues (borrowed), all copies 7
Holdings
Withdrawn status Lost status Source of classification or shelving scheme Damaged status Not for loan Home library Current Library Shelving location Date acquired Source of acquisition Cost, normal purchase price Total checkouts Total renewals Full call number Barcode Date last seen Date last checked out Copy number Cost, replacement price Price effective from Koha item type
    Dewey Decimal Classification     GRACE BIBLE COLLEGE GRACE BIBLE COLLEGE Ministry & Mission 2018-10-11 6 425.00 7 1 261 INT 014883 2025-05-01 2023-09-28 v.1 380.00 2018-10-11 Books
© Grace Bible College Library 2025